[Event "Trento op"]
[Site "Trento"]
[Date "2008.03.30"]
[Round "5"]
[White "Di Cecco, Giuseppe"]
[Black "Buglisi, Massimo"]
[Result "1-0"]
[WhiteElo "2092"]
[BlackElo "1656"]
[PlyCount "93"]
[EventDate "2008.03.28"]
[EventType "swiss"]
[EventRounds "5"]
[EventCountry "ITA"]
[SourceTitle "EXT 2011"]
[Source "ChessBase"]
[SourceDate "2010.11.26"]
[SourceVersion "1"]
[SourceVersionDate "2010.11.26"]
[SourceQuality "1"]

1. e4 c5 2. Nf3 Nc6 3. Bb5 g6 4. 0-0 Bg7 5. c3 Nf6 6. Re1 0-0 7. d4 d5 8. e5 Ne4 9. Nbd2 Nxd2 10. Qxd2 Qb6 11. Bxc6 bxc6 12. Qf4 c4 13. Qh4 h5 14. Qxe7 Bf5 15. e6 Bxe6 16. Rxe6 fxe6 17. Qxe6+ Kh8 18. Qxg6 Rae8 19. Be3 Qb7 20. Qxh5+ Kg8 21. Rb1 Qf7 22. Qxf7+ Rxf7 23. b4 Rb7 24. Rc1 Bf6 25. g4 Re4 26. h3 a6 27. Kg2 Ra7 28. Kg3 a5 29. a3 axb4 30. axb4 Ra3 31. Rc2 Re7 32. h4 Rea7 33. g5 Bd8 34. Kg4 Ra1 35. h5 Rh1 36. Ne5 Rg1+ 37. Kf5 Rg7 38. g6 Rh1 39. h6 Rh5+ 40. Ke6 Rxe5+ 41. dxe5 Rxg6+ 42. Kd7 Bh4 43. e6 Rf6 44. e7 Rf7 45. Bc5 Kh7 46. Re2 Kxh6 47. Kxc6 1-0

[Event "Trento op"]
[Site "Trento"]
[Date "2008.03.30"]
[Round "4"]
[White "Filosi, Marco"]
[Black "Di Cecco, Giuseppe"]
[Result "0-1"]
[WhiteElo "1419"]
[BlackElo "2092"]
[PlyCount "39"]
[EventDate "2008.03.28"]
[EventType "swiss"]
[EventRounds "5"]
[EventCountry "ITA"]
[SourceTitle "EXT 2011"]
[Source "ChessBase"]
[SourceDate "2010.11.26"]
[SourceVersion "1"]
[SourceVersionDate "2010.11.26"]
[SourceQuality "1"]

1. d4 Nf6 2. Nf3 g6 3. Bf4 Bg7 4. e3 0-0 5. Bd3 d6 6. c3 Nbd7 7. Qc2 Re8 8. Nbd2 c6 9. 0-0 e5 10. Bg3 Qc7 11. Rfe1 Nh5 12. Bh4 f5 13. e4 fxe4 14. Nxe4 d5 15. Ned2 e4 16. Bxe4 dxe4 17. Rxe4 Rxe4 18. Qxe4 Ndf6 19. g4 Nxe4 20. Nxe4 0-1

[Event "Rome Autunno Accademia op"]
[Site "Rome"]
[Date "2007.10.13"]
[Round "3"]
[White "Cobas Ferrer, Dayamy"]
[Black "Di Cecco, Giuseppe"]
[Result "1/2-1/2"]
[WhiteElo "1994"]
[BlackElo "2109"]
[PlyCount "80"]
[EventDate "2007.10.12"]
[EventType "swiss"]
[EventRounds "5"]
[EventCountry "ITA"]
[SourceTitle "EXT 2010"]
[Source "ChessBase"]
[SourceDate "2010.11.25"]
[SourceVersion "1"]
[SourceVersionDate "2010.11.25"]
[SourceQuality "1"]

1. e4 c5 2. c3 Nf6 3. e5 Nd5 4. d4 cxd4 5. cxd4 d6 6. Nf3 Nc6 7. Bc4 Nb6 8. Bb5 Bd7 9. Nc3 dxe5 10. dxe5 g6 11. 0-0 Bg7 12. Re1 a6 13. Bxc6 Bxc6 14. Nd4 0-0 15. Nxc6 bxc6 16. Qf3 Nd5 17. a3 Qa5 18. Bd2 Rad8 19. Qe2 Rb8 20. Nxd5 Qxd5 21. Bc3 Qb5 22. Qe4 Rfd8 23. Rad1 Rd5 24. g3 e6 25. Rc1 Rbd8 26. h4 Bh6 27. Rc2 Rd1 28. Bb4 R8d5 29. Rxd1 Rxd1+ 30. Kh2 Rd5 31. Qe2 Qxe2 32. Rxe2 c5 33. Bc3 Kf8 34. f4 Ke8 35. Re4 Rd7 36. Ra4 Ra7 37. Bd2 Bf8 38. Be3 Rb7 39. b4 cxb4 40. axb4 Bxb4 1/2-1/2

[Event "Rome Autunno Accademia op"]
[Site "Rome"]
[Date "2007.10.13"]
[Round "4"]
[White "Di Cecco, Giuseppe"]
[Black "De Lisa, Carmine"]
[Result "1-0"]
[WhiteElo "2109"]
[BlackElo "1815"]
[PlyCount "53"]
[EventDate "2007.10.12"]
[EventType "swiss"]
[EventRounds "5"]
[EventCountry "ITA"]
[SourceTitle "EXT 2010"]
[Source "ChessBase"]
[SourceDate "2010.11.25"]
[SourceVersion "1"]
[SourceVersionDate "2010.11.25"]
[SourceQuality "1"]

1. e4 e5 2. f4 Bc5 3. Nf3 d6 4. Nc3 Nd7 5. Bc4 Ngf6 6. d3 0-0 7. Na4 Bb6 8. Nxb6 axb6 9. 0-0 c6 10. fxe5 dxe5 11. Bg5 b5 12. Bb3 Nc5 13. Qd2 Nxb3 14. axb3 Rxa1 15. Rxa1 Qe7 16. d4 exd4 17. e5 h6 18. exf6 Qc5 19. b4 Qb6 20. fxg7 Re8 21. Bf6 d3+ 22. Bd4 c5 23. bxc5 Qg6 24. cxd3 Bf5 25. Re1 Rd8 26. Qe3 f6 27. Nh4 1-0

[Event "Rome Autunno Accademia op"]
[Site "Rome"]
[Date "2007.10.12"]
[Round "1"]
[White "Proietti, Giorgio"]
[Black "Di Cecco, Giuseppe"]
[Result "1-0"]
[WhiteElo "1914"]
[BlackElo "2109"]
[PlyCount "47"]
[EventDate "2007.10.12"]
[EventType "swiss"]
[EventRounds "5"]
[EventCountry "ITA"]
[SourceTitle "EXT 2010"]
[Source "ChessBase"]
[SourceDate "2010.11.25"]
[SourceVersion "1"]
[SourceVersionDate "2010.11.25"]
[SourceQuality "1"]

1. d4 d5 2. Nf3 Nf6 3. c4 c6 4. Nc3 dxc4 5. a4 Bf5 6. Ne5 e6 7. g3 Bb4 8. Bg2 Ne4 9. 0-0 Nxc3 10. bxc3 Bxc3 11. Ba3 Qxd4 12. Nxc4 Qxd1 13. Rfxd1 Nd7 14. Nd6+ Kd8 15. Nxf7+ Kc7 16. Bd6+ Kb6 17. Nxh8 Rxh8 18. e4 Bg6 19. Rab1+ Ka6 20. Rdc1 Bd4 21. Bf1+ Ka5 22. Rxb7 Ne5 23. Bxe5 Bxe5 24. Rc5+ 1-0